Top 10 Most Famous Island Countries - Statistics

General Stats
  • This quiz has been taken 107,781 times
    49,832 since last reset
  • The average score is 9 of 10
Answer Stats
% Country % Correct
92 Japan
92%
82 New Zealand
91%
94 United Kingdom
90%
74 Indonesia
87%
78 Cuba
86%
87 Ireland
85%
78 Madagascar
85%
88 Iceland
83%
66 Philippines
78%
60 Jamaica
74%
No matching quizzes found
Score Distribution
Percent of People with Each Score
Percentile by Number Answered
Your Score History
You have not taken this quiz since the last reset